000 00351nam a2200145Ia 4500
008 200103s9999||||xx |||||||||||||| ||und||
020 _a817409122X
040 _aIMU-MPC
082 _aColumn-33
100 _aBallaney, P. L.
245 0 _aTheory of machines and Mechanism
260 _bKhanna Publishers, Delhi
_c2015
300 _a1348
942 _cBK
999 _c7811
_d7811